The logic of evil : the social origins of the Nazi Party, 1925-1933 /

Bibliographic Details
Main Author: Brustein, William
Format: Book
Language:English
Published: New Haven : Yale University Press, [1996]
Subjects:

MARC

Tag First Indicator Second Indicator Subfields
LEADER 00000cam a2200000 a 4500
001 in00001323913
005 20151005074240.0
008 951129s1996 ctuab b 001 0 eng
010 |a  95047263  
020 |a 0300065337 (alk. paper) 
035 |a (OCoLC)33897541 
035 |9 AHC9448AM 
040 |a DLC  |c DLC  |d C#P  |d TXA  |d UtOrBLW 
043 |a e-gx--- 
049 |a TXAM 
050 0 0 |a DD253.25  |b .B76 1996 
082 0 0 |a 943.086  |2 20 
100 1 |a Brustein, William. 
245 1 4 |a The logic of evil :  |b the social origins of the Nazi Party, 1925-1933 /  |c William Brustein. 
264 1 |a New Haven :  |b Yale University Press,  |c [1996] 
264 4 |c ©1996 
300 |a xiv, 235 pages :  |b illustrations, map ;  |c 25 cm. 
336 |a text  |b txt  |2 rdacontent 
337 |a unmediated  |b n  |2 rdamedia 
338 |a volume  |b nc  |2 rdacarrier 
504 |a Includes bibliographical references (pages 195-228) and index. 
610 2 0 |a Nationalsozialistische Deutsche Arbeiter-Partei. 
650 0 |a National socialism. 
651 0 |a Germany  |x Social conditions  |y 1918-1933. 
650 0 |a Political parties  |z Germany  |x History  |y 20th century. 
651 0 |a Germany  |x Politics and government  |y 1933-1945. 
651 0 |a Germany  |x Economic conditions  |y 1918-1945. 
999 |a MARS 
999 f f |s e8d593b7-5e98-393e-a0f4-9ed8e556b61b  |i a0297c78-576e-381a-bb9b-9832a42ac7a2  |t 0 
952 f f |p normal  |a Texas A&M University  |b College Station  |c Sterling C. Evans Library  |d Evans: Library Stacks  |t 0  |e DD253.25 .B76 1996  |h Library of Congress classification  |i unmediated -- volume  |m A14820443958 
998 f f |a DD253.25 .B76 1996  |t 0  |l Evans: Library Stacks